TV Titles Said in the Show Quiz Stats

 Plays Quiz Updated Jul 10, 2017

Support Sporcle.
Go Orange.
Score 0/16 Timer 04:00
3 Plays Today
% Correct
Lost
93.2%
Adventure Time
92%
Scrubs
91.8%
Smallville
89.7%
How I Met Your Mother
87.5%
Game of Thrones
86.9%
The Powerpuff Girls
85.5%
Gossip Girl
83.7%
% Correct
How to Get Away with Murder
83.6%
Community
83.3%
Arrested Development
73.3%
Sons of Anarchy
68.1%
Pokémon
67.4%
The Walking Dead
63.8%
Empire
63.2%
Veep
62.5%

You're not logged in!

Compare scores with friends on all Sporcle quizzes.
OR
Log In
Forgot?

From the Vault

10 Richest Countries in North America

by CloneCommandoSev

These are the countries you want to try and make friends with.
Remove Ads.
Support Sporcle.
Get the best of Sporcle when you Go Orange. This ad-free experience offers more features, more stats, and more fun while also helping to support Sporcle. Thank you for becoming a member.

Show Comments

Extras

Top Quizzes Today


Score Distribution

Your Account Isn't Verified!

In order to create a playlist on Sporcle, you need to verify the email address you used during registration. Go to your Sporcle Settings to finish the process.

Report this User

Report this user for behavior that violates our Community Guidelines.

Details: